Score 0/20 Timer 05:00
1 Play Today
Line Title % Correct
'All children, except one, grow up. They soon know that they will grow up, and the way Wendy knew was this...'Peter Pan
96.9%
'The night Max wore his wolf suit and made mischief of one kind and another his mother called him 'WILD THING!' and Max said 'I'LL EAT YOU UP!' ...'Where the Wild Things Are
87.5%
' [Title character] was curious.'Curious George
64%
'These two very old people are the mother and father of Mr. Bucket.'Charlie and the Chocolate Factory
60.3%
'Once there was a tree.... and she loved a little boy.'The Giving Tree
58.9%
'In an old house in Paris that was covered with vines lived twelve little girls in two straight lines.'Madeline
58.7%
'The sun did not shine. It was too wet to play.'The Cat in the Hat
50.9%
'In the light of the moon a little egg lay on a leaf.'The Very Hungry Caterpillar
49.4%
'In the great green room, there was a telephone...'Goodnight Moon
38.8%
'First of all, let me get something straight: this is a JOURNAL, not a diary.'Diary of a Wimpy Kid
37.8%
Line Title % Correct
'When Mary Lennox was sent to Misselthwaite Manor to live with her uncle everybody said she was the most disagreeable-looking child ever seen.'The Secret Garden
37.2%
'At the far end of town where the Grickle-grass grows...'The Lorax
31.6%
'Here is Edward Bear, coming down the stairs now, bump bump bump...'The Complete Tales of Winnie the Pooh
31.5%
'Where's Papa going with that axe?'Charlotte's Web
29.7%
'On Christmas Eve, many years ago, I lay quietly in my bed.'The Polar Express
29.3%
'A mother bird sat on her egg. The egg jumped.'Are You My Mother?
28.6%
'A told B, and B told C, 'I'll meet you at the top of the coconut tree'.'Chicka Chicka Boom Boom
28.5%
'It was almost December, and Jonas was beginning to be frightened.'The Giver
19.2%
'[Title character] was trying to explain to Sport how to play Town.'Harriet the Spy
8.6%
'We were all sitting around the big kitchen table. It was Saturday morning. Pancake morning.'Cloudy With a Chance of Meatballs
8.4%
Remove Ads.
Support Sporcle.
Get the best of Sporcle when you Go Orange. This ad-free experience offers more features, more stats, and more fun while also helping to support Sporcle. Thank you for becoming a member.

You're not logged in!

Compare scores with friends on all Sporcle quizzes.
OR
Log In

Sporcle TV

Today on Sporcle TV


Watch our educational content, quiz creation guides, and fun videos on Sporcle TV.

Show Comments

Extras

Top Quizzes Today


Score Distribution

Paid Content

Your Account Isn't Verified!

In order to create a playlist on Sporcle, you need to verify the email address you used during registration. Go to your Sporcle Settings to finish the process.

Report this User

Report this user for behavior that violates our Community Guidelines.

Details: